00435nam a2200169Ia 4500001001000000003000500010008004100015010001100056040000900067082001600076100001900092245005500111260002900166300001100195650003200206650002700238Para_9019CHAP220125s2004 xx 000 0 und d a207797 cCHAP aPA 646.7 H3 aHay, Louise L. aEl poder está dentro de ti /c por Louise L. Hay aMéxico, D.F. :b Diana a246 p. aMotivación (psicología) aSuperación personal